=LDR 00000nam 2200000 4500 =001 INLIS000000000034184 =005 20130612140111 =008 ***********************************ind** =035 ##$$a0010-061300000034184 =041 ##$$a ind =082 ##$$a 813 =090 ##$$a 813, Ker c.1 =100 ##$$a KERR, PB =245 ##$$a Chidren of the lamp, the akhenaten adventure, P.B. Kerr ; penerjemah, Utti Setiawati =260 ##$$a 2008 $b ( s.l ) =300 ##$$a 414 hlm, 20 cm =650 ##$$a Fiksi Indonesia =700 ##$$a Setiawati, Utti =850 ##$$a NBPNMAT =990 ##$$a 21400613/BPAP-NTB/20142014 =990 ##$$a 0001/BPAP-NTB/20142014